|
|
|
|
| LEADER |
01803nam a2200445 a 4500 |
| 001 |
000007036 |
| 003 |
CZ BrMZK |
| 005 |
20240910134650.0 |
| 007 |
ta |
| 008 |
940325s1992 xr f f 0 cze d |
| 015 |
|
|
|a cnb000074586
|
| 020 |
|
|
|a 80-7050-132-4
|c 900.00
|
| 035 |
|
|
|a (OCoLC)39583777
|
| 040 |
|
|
|a BOA001
|b cze
|
| 072 |
|
7 |
|a 021
|x Funkce, význam a využívání knihoven
|2 Konspekt
|9 12
|
| 080 |
|
|
|a 015(4/9)
|2 MRF
|
| 080 |
|
|
|a 021.63/.64
|2 MRF
|
| 080 |
|
|
|a 025.3/.4
|2 MRF
|
| 080 |
|
|
|a (035)
|2 MRF
|
| 245 |
0 |
0 |
|a Národní bibliografie - knihy :
|b příručka pro zpracovatele /
|c [zpracování: kolektiv pracovníků Národní knihovny v Praze ; koordinace a úvod: Jana Radová, Hana Tichá].
|
| 260 |
|
|
|a Praha :
|b Národní knihovna České republiky,
|c 1992
|
| 300 |
|
|
|a vi, 246 s. ;
|c 30 cm
|
| 490 |
1 |
|
|a Maks
|
| 500 |
|
|
|a Bibliogr. - 2. výt. je bez diskety
|
| 650 |
0 |
7 |
|a národní bibliografie
|7 ph117244
|2 czenas
|
| 650 |
0 |
7 |
|a knihovní systémy
|7 ph121662
|2 czenas
|
| 650 |
0 |
7 |
|a bibliografický popis
|7 ph222802
|2 czenas
|
| 650 |
0 |
9 |
|a national bibliography
|2 eczenas
|
| 650 |
0 |
9 |
|a library systems
|2 eczenas
|
| 650 |
0 |
9 |
|a bibliographic description
|2 eczenas
|
| 655 |
|
7 |
|a příručky
|7 fd133209
|2 czenas
|
| 655 |
|
9 |
|a handbooks and manuals
|2 eczenas
|
| 700 |
1 |
|
|a Radová, Jana,
|d 1937-2013
|7 jo2006333770
|4 aut
|
| 700 |
1 |
|
|a Tichá, Hana
|7 jx20051111039
|4 aut
|
| 830 |
|
0 |
|a Maks
|
| 856 |
4 |
1 |
|u http://www.digitalniknihovna.cz/mzk/uuid/uuid:2257a370-773f-11e2-abbe-005056827e51
|y Digitalizovaný dokument
|x NDK
|
| 910 |
|
|
|a BOA001
|b 4-0997.359
|
| 990 |
|
|
|a BK
|
| 996 |
7 |
|
|b 2610006979
|c 4-0997.359
|l MZK
|r Sklad / do 1 hodiny
|n 0
|p p.v.
|w 000007036
|u 000010
|a 1
|e BOA001
|j MZK50
|s A
|
| 996 |
6 |
|
|b 2610069868
|c 4-0997.359
|l MZK
|r Sklad / do 1 hodiny
|n 1
|p p.v.
|w 000007036
|u 000020
|a 1
|e BOA001
|j MZK50
|s P
|